Aktuální stav a trendy v prevenci rizikového chování dětí a mládeže

Saved in:
Bibliographic Details
Main Authors Svoboda Hoferková, Stanislava (Author), Kraus, Blahoslav, 1943- (Author), Bělík, Václav (Author), Knytl, Martin (Author)
Format Book
LanguageCzech
Published Červený Kostelec : Pavel Mervart, 2025
Subjects
ISBN978-80-7465-704-7
Physical Description201 stran : barevné ilustrace ; 21 cm

Cover

LEADER 00000nam a2200000 i 4500
001 115579
003 CZ ZlUTB
005 20260505084930.0
007 ta
008 260417s2025 xr a f 001 0 cze
015 |a cnb003750312 
020 |a 978-80-7465-704-7  |q (brožováno) 
040 |a ABA001  |b cze  |e rda 
041 0 |a cze  |b eng 
043 |a e-xr--- 
045 |a y2y2 
072 7 |a 37  |x Výchova a vzdělávání  |2 Konspekt  |9 22 
080 |a 316.346.32-053.2  |2 MRF 
080 |a 316.624  |2 MRF 
080 |a 37.03:364-212  |2 MRF 
080 |a 613.86  |2 MRF 
080 |a 373/378  |2 MRF 
080 |a 303.622  |2 MRF 
080 |a (437.3)  |2 MRF 
080 |a (048.8:082)  |2 MRF 
100 1 |a Svoboda Hoferková, Stanislava  |7 ola2008455704  |4 aut 
245 1 0 |a Aktuální stav a trendy v prevenci rizikového chování dětí a mládeže /  |c Stanislava Svoboda Hoferková, Blahoslav Kraus, Václav Bělík, Martin Knytl 
264 1 |a Červený Kostelec :  |b Pavel Mervart,  |c 2025 
300 |a 201 stran :  |b barevné ilustrace ;  |c 21 cm 
336 |a text  |b txt  |2 rdacontent 
337 |a bez média  |b n  |2 rdamedia 
338 |a svazek  |b nc  |2 rdacarrier 
504 |a Obsahuje bibliografii a rejstřík 
546 |a Anglické resumé 
648 4 |a 2022-2024 
648 7 |a 2021-2030  |7 ch1094457  |2 czenas 
650 0 7 |a děti a mládež  |7 ph119707  |2 czenas 
650 0 7 |a rizikové chování  |7 ph126809  |2 czenas 
650 0 7 |a prevence (sociální problémy)  |7 ph138923  |2 czenas 
650 0 7 |a duševní zdraví  |7 ph119649  |2 czenas 
650 0 7 |a školy  |7 ph116830  |z Česko  |2 czenas 
650 0 7 |a dotazníky  |7 ph255085  |z Česko  |y 2021-2030  |2 czenas 
650 0 9 |a children and youth  |2 eczenas 
650 0 9 |a risk behavior  |2 eczenas 
650 0 9 |a prevention (social problems)  |2 eczenas 
650 0 9 |a mental health  |2 eczenas 
650 0 9 |a schools  |z Czechia  |2 eczenas 
650 0 9 |a questionnaires  |z Czechia  |y 2021-2030  |2 eczenas 
655 7 |a kolektivní monografie  |7 fd501537  |2 czenas 
655 9 |a collective monographs  |2 eczenas 
700 1 |a Kraus, Blahoslav,  |d 1943-  |7 mzk2004222538  |4 aut 
700 1 |a Bělík, Václav  |7 jx20060921017  |4 aut 
700 1 |a Knytl, Martin  |7 hka20211102610  |4 aut 
710 2 |a Nakladatelství Pavel Mervart  |7 kn20110210010  |4 pbl 
910 |a ZLD002 
942 |2 udc 
952 |0 0  |1 0  |4 0  |6 37SVOBODA_HOFERKOVÁS  |7 -1  |8 BOOK  |9 190989  |a UTBZL  |b UTBZL  |c 005  |d 2026-05-05  |l 0  |o 37/SVOBODA HOFERKOVÁ,S.  |p 420010201750  |r 2026-05-05 08:50:54  |v 269.00  |w 2026-05-05  |x N:nákup  |y 01 
952 |0 0  |1 0  |4 0  |6 37SVOBODA_HOFERKOVÁS  |7 -1  |8 BOOK  |9 190990  |a UTBZL  |b UTBZL  |c 006  |d 2026-05-05  |l 0  |o 37/SVOBODA HOFERKOVÁ,S.  |p 420010201751  |r 2026-05-05 08:51:27  |v 269.00  |w 2026-05-05  |x N:nákup  |y 04 
992 |a BK  |b SKNEW 
999 |c 115579  |d 115579